[Event "Rhein Main op 13th"]
[Site "Bad Homburg"]
[Date "2010.06.05"]
[Round "5"]
[White "Czikuss, Hans Joachim"]
[Black "Klostermeyer, Bernd"]
[Result "1-0"]
[WhiteElo "1976"]
[BlackElo "1710"]
[PlyCount "121"]
[EventDate "2010.06.02"]
[EventType "swiss"]
[EventRounds "7"]
[EventCountry "GER"]
[SourceTitle "EXT 2011"]
[Source "ChessBase"]
[SourceDate "2010.11.26"]
[SourceVersion "1"]
[SourceVersionDate "2010.11.26"]
[SourceQuality "1"]

1. Nf3 c5 2. c4 Nc6 3. g3 e5 4. Nc3 Nf6 5. Bg2 Be7 6. 0-0 0-0 7. d3 d6 8. Bd2 Be6 9. a3 Qd7 10. Rb1 Bh3 11. b4 Bxg2 12. Kxg2 b6 13. e4 h6 14. Nd5 Nxd5 15. cxd5 Nd4 16. Nxd4 cxd4 17. Rc1 Rac8 18. Qb3 f5 19. f3 fxe4 20. dxe4 Kh7 21. Qd3 g5 22. h3 b5 23. Kh2 a6 24. f4 Rxc1 25. Rxc1 Rc8 26. Qf1 Kg7 27. fxe5 dxe5 28. g4 Bd8 29. Qf5 Qxf5 30. gxf5 Rc4 31. Kg2 Kf6 32. Kf3 h5 33. Ke2 Rxc1 34. Bxc1 Be7 35. Bd2 Kf7 36. Kf3 Bf6 37. Be1 Ke7 38. Ke2 Kd7 39. Kf3 Be7 40. Bg3 Bd6 41. Be1 Kc7 42. f6 a5 43. Bd2 axb4 44. axb4 Kd7 45. Bxg5 Bxb4 46. f7 Bf8 47. Bf6 Kd6 48. Ke2 b4 49. Kd1 b3 50. Bg5 Kc5 51. Kc1 Kc4 52. Bf6 Kd3 53. Bxe5 Kxe4 54. d6 Kxe5 55. d7 Ba3+ 56. Kb1 Be7 57. f8Q Bxf8 58. d8Q Bc5 59. Qg5+ Kd6 60. Qxh5 d3 61. Qg6+ 1-0

[Event "Rhein Main op 13th"]
[Site "Bad Homburg"]
[Date "2010.06.03"]
[Round "3"]
[White "Klostermeyer, Bernd"]
[Black "Diener, Carolin Valeria"]
[Result "1-0"]
[WhiteElo "1710"]
[BlackElo "1208"]
[PlyCount "75"]
[EventDate "2010.06.02"]
[EventType "swiss"]
[EventRounds "7"]
[EventCountry "GER"]
[SourceTitle "EXT 2011"]
[Source "ChessBase"]
[SourceDate "2010.11.26"]
[SourceVersion "1"]
[SourceVersionDate "2010.11.26"]
[SourceQuality "1"]

1. e4 e5 2. Bc4 Nf6 3. Nf3 Nxe4 4. 0-0 d5 5. Bb3 Nc6 6. Re1 Bc5 7. d4 Nxd4 8. Rxe4 dxe4 9. Bxf7+ Kf8 10. Nfd2 Bf5 11. c3 Nc6 12. Bc4 e3 13. fxe3 Bxe3+ 14. Kh1 Qg5 15. Nf3 Qh6 16. Bxe3 Qxe3 17. Nbd2 Rd8 18. Qf1 Ne7 19. Re1 Qc5 20. Rxe5 Qb6 21. Nb3 Qf6 22. Nbd4 Bg4 23. Qe2 h5 24. h3 Bd7 25. Ng5 Re8 26. Nde6+ Kg8 27. Nxc7+ Kf8 28. Nge6+ Bxe6 29. Rxe6 Qg5 30. Re3 Qh4 31. Rf3+ Qf6 32. Qe6 Rh6 33. Qe3 Rg6 34. Nxe8 Kxe8 35. Rxf6 Rxf6 36. Qxa7 Rf4 37. Qb8+ Kd7 38. Qxf4 1-0